[Event "14th EUR-ch"]
[Site "Legnica POL"]
[Date "2013.05.14"]
[Round "9"]
[White "Pogosian, Vladimir"]
[Black "Ulanowski, Karol"]
[Result "1-0"]
[WhiteElo "2132"]
[BlackElo "2091"]
[EventDate "2013.05.05"]
[PlyCount "65"]

1.c4 Nf6 2.g3 g6 3.Bg2 Bg7 4.Nc3 O-O 5.f4 c5 6.e4 d6 7.Nge2 Nc6 8.O-O Nd4 
9.h3 Rb8 10.d3 a6 11.a4 Ne8 12.g4 e6 13.Bd2 b5 14.axb5 axb5 15.cxb5 Nc7 
16.f5 exf5 17.gxf5 gxf5 18.Nf4 Be6 19.Qh5 Ncxb5 20.Nxb5 Rxb5 21.Bc3 Qf6 
22.Nxe6 fxe6 23.exf5 exf5 24.Ra7 Rbb8 25.Re1 Kh8 26.Ree7 Rg8 27.Kh1 f4 28.
Be4 h6 29.h4 f3 30.Rf7 Ne2 31.Rxf6 Ng3+ 32.Kh2 Nxh5 33.Rxh6# 1-0

[Event "14th EUR-ch"]
[Site "Legnica POL"]
[Date "2013.05.14"]
[Round "9"]
[White "Pavlicek, Miroslav"]
[Black "Szonyi, Bence"]
[Result "1-0"]
[WhiteElo "2014"]
[BlackElo "1651"]
[EventDate "2013.05.05"]
[PlyCount "91"]

1.c4 Nf6 2.g3 c5 3.Bg2 g6 4.Nf3 Bg7 5.d4 cxd4 6.Nxd4 O-O 7.O-O Nc6 8.Nc2 
d6 9.Nc3 Be6 10.Ne3 Qd7 11.Rb1 Bh3 12.b4 Bxg2 13.Nxg2 Ng4 14.Bb2 Nxb4 15.
Qa4 Qxa4 16.Nxa4 Bxb2 17.Rxb2 a5 18.a3 Nc6 19.Rxb7 Rab8 20.Rfb1 Rxb7 21.
Rxb7 Rb8 22.Rb5 Nge5 23.Ne3 e6 24.Nc3 Kf8 25.f4 Nd7 26.Nc2 Rxb5 27.cxb5 
Na7 28.Nd4 Nc5 29.a4 Ke7 30.e4 f6 31.f5 e5 32.Nd5+ Kd8 33.Ne6+ Nxe6 34.
fxe6 f5 35.Kf2 fxe4 36.Ke3 Ke8 37.Kxe4 h6 38.Ne3 Ke7 39.Kd5 Nc8 40.Nc4 Kf6
41.b6 Ne7+ 42.Kxd6 Nf5+ 43.Kd7 e4 44.b7 e3 45.Nxe3 Nxe3 46.b8=Q 1-0

[Event "14th EUR-ch"]
[Site "Legnica POL"]
[Date "2013.05.14"]
[Round "9"]
[White "D`Aste, Federico"]
[Black "Wolff, Peter"]
[Result "0-1"]
[WhiteElo "1501"]
[BlackElo "1962"]
[EventDate "2013.05.05"]
[PlyCount "60"]

1.e4 c6 2.d4 d5 3.e5 Bf5 4.Nf3 e6 5.Be2 Nd7 6.O-O h6 7.Nbd2 a6 8.Nb3 c5 9.
c4 dxc4 10.Bxc4 b5 11.Be2 c4 12.Nbd2 Rc8 13.Ne1 Ne7 14.Ndf3 Nb6 15.Bd2 
Ned5 16.Rc1 Qd7 17.Ba5 Be7 18.Nd2 O-O 19.Bf3 Na4 20.Bxd5 exd5 21.b3 Nb2 
22.Qe2 Nd3 23.Ra1 Ba3 24.Rd1 Nxe1 25.Rdxe1 Bd3 26.e6 fxe6 27.Qxe6+ Qxe6 
28.Rxe6 Bxf1 29.Kxf1 c3 30.Nb1 c2 0-1

[Event "14th EUR-ch"]
[Site "Legnica POL"]
[Date "2013.05.14"]
[Round "9"]
[White "Zemlicka, Vit"]
[Black "Korcz, Daniel"]
[Result "1-0"]
[WhiteElo "2049"]
[BlackElo "1855"]
[EventDate "2013.05.05"]
[PlyCount "81"]

1.e4 e5 2.Nf3 Nc6 3.Bb5 a6 4.Ba4 Nf6 5.Qe2 b5 6.Bb3 Be7 7.O-O d6 8.c3 Na5 
9.Bc2 c5 10.Rd1 O-O 11.d3 Qc7 12.Nbd2 Nc6 13.Nf1 b4 14.d4 cxd4 15.cxd4 Bg4
16.dxe5 dxe5 17.Be3 a5 18.Ba4 Nd4 19.Bxd4 exd4 20.Rxd4 Rfd8 21.Rc4 Qf4 22.
Ng3 Be6 23.Rd4 Bc5 24.Rdd1 Ng4 25.Rf1 Rdc8 26.Bb3 Bd7 27.Rad1 Be8 28.Kh1 
Ba7 29.Nf5 Bc5 30.h3 Nf6 31.Ng3 g5 32.e5 g4 33.Nh2 gxh3 34.exf6 hxg2+ 35.
Kxg2 Bc6+ 36.Bd5 Bxd5+ 37.Rxd5 Qxf6 38.Qf3 Qxb2 39.Rxc5 Qxa2 40.Nh5 Qe6 
41.Qg3+ 1-0

[Event "14th EUR-ch"]
[Site "Legnica POL"]
[Date "2013.05.15"]
[Round "10"]
[White "Moiseenko, Olexandr"]
[Black "Korobov, Anton"]
[Result "1/2-1/2"]
[WhiteElo "2698"]
[BlackElo "2705"]
[EventDate "2013.05.05"]
[PlyCount "46"]

1.d4 d5 2.c4 c6 3.Nf3 Nf6 4.Nc3 e6 5.Bg5 h6 6.Bh4 dxc4 7.e4 g5 8.Bg3 b5 9.
Be2 Bb7 10.h4 g4 11.Ne5 Rg8 12.Nxg4 Nbd7 13.Nxf6+ Qxf6 14.e5 Qf5 15.Bf3 
O-O-O 16.Qe2 Nb6 17.Rd1 Bb4 18.Be4 Qg4 19.Bf3 Qf5 20.Be4 Qg4 21.Bf3 Qf5 
22.Be4 Qg4 23.Bf3 Qf5 1/2-1/2

[Event "14th EUR-ch"]
[Site "Legnica POL"]
[Date "2013.05.15"]
[Round "10"]
[White "Lupulescu, Constantin"]
[Black "Alexeev, Evgeny"]
[Result "1/2-1/2"]
[WhiteElo "2634"]
[BlackElo "2700"]
[EventDate "2013.05.05"]
[PlyCount "41"]

1.d4 Nf6 2.c4 e6 3.Nc3 Bb4 4.Qc2 O-O 5.e4 d5 6.e5 Ne4 7.Bd3 c5 8.Ne2 cxd4 
9.Nxd4 Nd7 10.Bf4 Qh4 11.g3 Qh3 12.O-O-O Nxc3 13.bxc3 Ba3+ 14.Kb1 Nb6 15.
Bf1 Qh5 16.Be2 Qg6 17.Bd3 Qh5 18.Be2 Qg6 19.Bd3 Qh5 20.Be2 Qg6 21.Bd3 
1/2-1/2

[Event "14th EUR-ch"]
[Site "Legnica POL"]
[Date "2013.05.15"]
[Round "10"]
[White "Areschenko, Alexander"]
[Black "Beliavsky, Alexander"]
[Result "1/2-1/2"]
[WhiteElo "2709"]
[BlackElo "2628"]
[EventDate "2013.05.05"]
[PlyCount "94"]

1.e4 e5 2.Nf3 Nc6 3.Bb5 a6 4.Ba4 Nf6 5.O-O Be7 6.d3 b5 7.Bb3 O-O 8.a4 b4 
9.Nbd2 Bc5 10.Nc4 d6 11.Be3 Bxe3 12.fxe3 Be6 13.Qe1 a5 14.h3 Ne7 15.Nh4 
Kh8 16.Rf3 Nd7 17.Nd2 Bxb3 18.Nxb3 g6 19.Qf2 f6 20.Rf1 c6 21.Nd2 d5 22.g4 
Ng8 23.Qg3 Qe7 24.R3f2 Kg7 25.Nhf3 Rae8 26.b3 Nc5 27.exd5 cxd5 28.e4 dxe4 
29.Nxe4 Nxe4 30.dxe4 Qc5 31.Ne1 g5 32.h4 gxh4 33.Qxh4 Qe3 34.Ng2 Qxe4 35.
Qg3 Kh8 36.g5 Rf7 37.gxf6 Re6 38.Qg5 Qd4 39.Kh1 e4 40.Rd2 Qe5 41.Qxe5 Rxe5
42.Rd8 h6 43.Ne3 Kh7 44.Rd6 Rh5+ 45.Kg2 Rg5+ 46.Kh3 Kg6 47.Nd5 Rh5+ 
1/2-1/2

[Event "14th EUR-ch"]
[Site "Legnica POL"]
[Date "2013.05.15"]
[Round "10"]
[White "Navara, David"]
[Black "Lysyi, Igor"]
[Result "1/2-1/2"]
[WhiteElo "2697"]
[BlackElo "2641"]
[EventDate "2013.05.05"]
[PlyCount "107"]

1.e4 e5 2.Nf3 Nc6 3.Bb5 Nf6 4.O-O Nxe4 5.d4 Nd6 6.Bxc6 dxc6 7.dxe5 Nf5 8.
Qxd8+ Kxd8 9.h3 Ke8 10.Nc3 h5 11.Rd1 Be7 12.Ne2 Nh4 13.Nxh4 Bxh4 14.Bf4 
Be7 15.Nd4 g5 16.Bh2 Rh6 17.Re1 Bd7 18.e6 Bxe6 19.Nxe6 Rxe6 20.Rxe6 fxe6 
21.Bxc7 Rc8 22.Be5 Rd8 23.Bc3 Kf7 24.Re1 Bf6 25.Re3 Bxc3 26.Rxc3 Rd1+ 27.
Kh2 Kf6 28.Kg3 Kf5 29.a4 e5 30.Kf3 Rd4 31.a5 Ra4 32.Rb3 Rxa5 33.Rxb7 Rc5 
34.c3 a5 35.Rb6 a4 36.Ra6 g4+ 37.hxg4+ hxg4+ 38.Ke3 Rb5 39.Rxa4 Rxb2 40.
Ra6 g3 41.fxg3 Rxg2 42.Kf3 Rd2 43.g4+ Ke6 44.Ke3 Rg2 45.Kf3 Rd2 46.Rxc6+ 
Kd5 47.Rc8 Rd3+ 48.Kf2 Ke4 49.Ke2 Rg3 50.Rc4+ Kd5 51.Kf2 Kxc4 52.Kxg3 Kd3 
53.Kf2 Kd2 54.Kf3 1/2-1/2

[Event "14th EUR-ch"]
[Site "Legnica POL"]
[Date "2013.05.15"]
[Round "10"]
[White "Balogh, Csaba"]
[Black "Vallejo Pons, Francisco"]
[Result "1/2-1/2"]
[WhiteElo "2644"]
[BlackElo "2695"]
[EventDate "2013.05.05"]
[PlyCount "51"]

1.e4 c6 2.d4 d5 3.Nc3 dxe4 4.Nxe4 Bf5 5.Ng3 Bg6 6.h4 h6 7.Nf3 Nd7 8.h5 Bh7
9.Bd3 Bxd3 10.Qxd3 e6 11.Bd2 Ngf6 12.O-O-O Be7 13.Qe2 O-O 14.Nf1 c5 15.g4 
cxd4 16.g5 Nd5 17.gxh6 Qb6 18.Rg1 Ba3 19.Rxg7+ Kh8 20.bxa3 Nc3 21.Bxc3 
dxc3 22.Rh7+ Kg8 23.Rg7+ Kh8 24.Rh7+ Kg8 25.Rg7+ Kh8 26.Rh7+ 1/2-1/2

[Event "14th EUR-ch"]
[Site "Legnica POL"]
[Date "2013.05.15"]
[Round "10"]
[White "Laznicka, Viktor"]
[Black "Kovalev, Vladislav"]
[Result "1/2-1/2"]
[WhiteElo "2679"]
[BlackElo "2523"]
[EventDate "2013.05.05"]
[PlyCount "118"]

1.e4 e5 2.Nf3 Nc6 3.Bb5 a6 4.Bxc6 dxc6 5.O-O f6 6.d4 exd4 7.Nxd4 c5 8.Ne2 
Qxd1 9.Rxd1 Bd6 10.Bf4 Be6 11.Nbc3 O-O-O 12.Rd2 Ne7 13.Rad1 Bxf4 14.Nxf4 
Bf7 15.f3 Rxd2 16.Rxd2 Rd8 17.Rxd8+ Kxd8 18.Kf2 Kd7 19.Ke3 Nc6 20.a3 Ne5 
21.Nd3 Nc4+ 22.Ke2 Kc6 23.Nd1 b5 24.Ne3 a5 25.Nxc4 Bxc4 26.b3 Be6 27.Nb2 
f5 28.Ke3 fxe4 29.fxe4 g5 30.Kd3 Kd6 31.c4 c6 32.a4 Bd7 33.Ke3 Be6 34.Kd3 
Bd7 35.Kc3 Be8 36.Nd3 b4+ 37.Kd2 Bg6 38.Ke3 h6 39.g3 Bh5 40.e5+ Ke6 41.
Nxc5+ Kxe5 42.Nb7 Bd1 43.Nxa5 c5 44.Nb7 Bxb3 45.Nxc5 Bxc4 46.Nd3+ Kf5 47.
g4+ Ke6 48.Nxb4 Kd6 49.Ke4 Be2 50.Kf5 Kc5 51.Na2 Bd3+ 52.Kf6 Be2 53.Kg6 
Bxg4 54.Kxh6 Bd7 55.Nc3 g4 56.Kg5 Kd4 57.Nb5+ Ke3 58.Kh4 Kf4 59.Nc3 Bxa4 
1/2-1/2

[Event "14th EUR-ch"]
[Site "Legnica POL"]
[Date "2013.05.15"]
[Round "10"]
[White "Mamedov, Nidjat"]
[Black "Istratescu, Andrei"]
[Result "1/2-1/2"]
[WhiteElo "2602"]
[BlackElo "2651"]
[EventDate "2013.05.05"]
[PlyCount "66"]

1.e4 e6 2.d4 d5 3.Nd2 c5 4.Ngf3 cxd4 5.exd5 Qxd5 6.Bc4 Qd6 7.O-O Nf6 8.Nb3
Nc6 9.Nbxd4 Nxd4 10.Nxd4 Bd7 11.c3 Qc7 12.Qe2 Bd6 13.h3 Bh2+ 14.Kh1 Bf4 
15.Bxf4 Qxf4 16.Rad1 O-O 17.Nf3 Bc6 18.Ne5 Be4 19.Nd7 Nxd7 20.Rxd7 Rad8 
21.Rfd1 Rxd7 22.Rxd7 Bc6 23.Rd4 Qg5 24.f3 h6 25.Qf2 a6 26.f4 Qf6 27.Qd2 g6
28.Kg1 Kg7 29.Rd6 Rc8 30.Rd4 Re8 31.Rd6 Rc8 32.Rd4 Re8 33.Rd6 Rc8 1/2-1/2

[Event "14th EUR-ch"]
[Site "Legnica POL"]
[Date "2013.05.15"]
[Round "10"]
[White "Eljanov, Pavel"]
[Black "Zhigalko, Andrei"]
[Result "1-0"]
[WhiteElo "2702"]
[BlackElo "2603"]
[EventDate "2013.05.05"]
[PlyCount "79"]

1.d4 Nf6 2.Nf3 g6 3.Bg5 Bg7 4.c3 O-O 5.e3 d6 6.Be2 Nbd7 7.O-O h6 8.Bh4 g5 
9.Bg3 Nh5 10.a4 e6 11.a5 a6 12.Nbd2 Qe7 13.e4 Rd8 14.Re1 Nf8 15.Nc4 Ng6 
16.Nfd2 Nhf4 17.Bxf4 Nxf4 18.Bf1 Bd7 19.g3 Ng6 20.Qh5 Be8 21.Bh3 Qf8 22.
Qd1 Ne7 23.Ne3 c5 24.d5 exd5 25.Nxd5 Nxd5 26.exd5 f5 27.Nc4 Rab8 28.Qc2 g4
29.Bf1 Bb5 30.Re6 Re8 31.Nb6 Rxe6 32.dxe6 Bc6 33.Bc4 Kh8 34.Nd7 Bxd7 35.
exd7 Be5 36.Be6 h5 37.Qxf5 Qxf5 38.Bxf5 Kg7 39.h3 gxh3 40.Rd1 1-0

[Event "14th EUR-ch"]
[Site "Legnica POL"]
[Date "2013.05.15"]
[Round "10"]
[White "Rodshtein, Maxim"]
[Black "Nepomnyaschy, Yan"]
[Result "0-1"]
[WhiteElo "2638"]
[BlackElo "2710"]
[EventDate "2013.05.05"]
[PlyCount "44"]

1.d4 Nf6 2.c4 g6 3.g3 c6 4.Bg2 d5 5.e3 Bf5 6.Ne2 Qd7 7.b3 Bh3 8.Bxh3 Qxh3 
9.Nf4 Qf5 10.O-O Nbd7 11.f3 dxc4 12.bxc4 Qa5 13.Qb3 e5 14.Nd3 O-O-O 15.Bd2
Qc7 16.Na3 e4 17.Nf2 exf3 18.Rfb1 Bd6 19.Kf1 Bxg3 20.Ba5 b6 21.c5 Bxf2 22.
Qc4 Qxh2 0-1

[Event "14th EUR-ch"]
[Site "Legnica POL"]
[Date "2013.05.15"]
[Round "10"]
[White "l`Ami, Erwin"]
[Black "Wojtaszek, Radoslaw"]
[Result "1/2-1/2"]
[WhiteElo "2634"]
[BlackElo "2701"]
[EventDate "2013.05.05"]
[PlyCount "81"]

1.d4 Nf6 2.c4 e6 3.Nf3 d5 4.Nc3 Bb4 5.Qb3 c5 6.dxc5 Nc6 7.Bg5 h6 8.Bxf6 
Qxf6 9.cxd5 exd5 10.e3 Be6 11.Bb5 Bxc5 12.Nxd5 Bxd5 13.Qxd5 Bb4+ 14.Kf1 
O-O 15.Qb3 Be7 16.Rd1 Rac8 17.Be2 b5 18.g3 a6 19.Kg2 Na5 20.Qd5 Qxb2 21.
Bd3 Qb4 22.Nd4 Qd6 23.Qf3 Qf6 24.Nf5 Rfe8 25.h4 Bf8 26.h5 Nc4 27.Bb1 Qc6 
28.Rd5 Nb6 29.Rd4 Qxf3+ 30.Kxf3 Red8 31.Rhd1 Rxd4 32.Rxd4 b4 33.Bd3 a5 34.
Nd6 Rd8 35.Nc4 Rxd4 36.exd4 Nxc4 37.Bxc4 a4 38.Ke4 b3 39.axb3 a3 40.b4 
Bxb4 41.g4 1/2-1/2

[Event "14th EUR-ch"]
[Site "Legnica POL"]
[Date "2013.05.15"]
[Round "10"]
[White "Mastrovasilis, Dimitrios"]
[Black "Sargissian, Gabriel"]
[Result "1/2-1/2"]
[WhiteElo "2610"]
[BlackElo "2667"]
[EventDate "2013.05.05"]
[PlyCount "89"]

1.e4 e5 2.Nf3 Nc6 3.Nc3 Nf6 4.d4 exd4 5.Nxd4 Bc5 6.Be3 Bb6 7.Qd2 O-O 8.
O-O-O Re8 9.f3 d5 10.exd5 Nxd5 11.Bg5 Nf6 12.Nxc6 Qxd2+ 13.Bxd2 bxc6 14.
Bd3 Nd5 15.Rhe1 Bb7 16.Na4 c5 17.a3 Bc6 18.Be4 Bxa4 19.Bxd5 Rad8 20.b3 Bd7
21.Bg5 Rxe1 22.Rxe1 Re8 23.Rxe8+ Bxe8 24.Be7 g6 25.Kd2 Kg7 26.a4 f6 27.Kd3
Bd7 28.g4 h5 29.g5 fxg5 30.Bxg5 Bf5+ 31.Kc4 Bxc2 32.Kb5 Kf8 33.h4 Bd1 34.
f4 a5 35.Kc6 Ke8 36.Bf6 Bc2 37.Bc3 c4 38.Bxc4 Be4+ 39.Bd5 Bxd5+ 40.Kxd5 
Bf2 41.Bf6 Kd7 42.f5 gxf5 43.Ke5 Kc6 44.Kxf5 Kc5 45.Bc3 1/2-1/2

[Event "14th EUR-ch"]
[Site "Legnica POL"]
[Date "2013.05.15"]
[Round "10"]
[White "Guseinov, Gadir"]
[Black "Ragger, Markus"]
[Result "0-1"]
[WhiteElo "2623"]
[BlackElo "2666"]
[EventDate "2013.05.05"]
[PlyCount "100"]

1.e4 e5 2.Nf3 Nc6 3.Bb5 a6 4.Bxc6 dxc6 5.O-O f6 6.d4 exd4 7.Nxd4 c5 8.Ne2 
Qxd1 9.Rxd1 Bd7 10.Nbc3 O-O-O 11.Be3 Re8 12.Rd2 Bc6 13.Rad1 b6 14.a4 Ne7 
15.a5 Kb7 16.axb6 cxb6 17.Bf4 Ng6 18.Bg3 a5 19.b3 f5 20.f3 fxe4 21.Nxe4 
Be7 22.Nd6+ Bxd6 23.Bxd6 Nh4 24.Bg3 Nf5 25.Bf2 Re7 26.Ng3 Nxg3 27.hxg3 
Rhe8 28.g4 Re2 29.Kf1 Rxd2 30.Rxd2 a4 31.bxa4 Bxa4 32.Bg3 Re3 33.Be1 Kc6 
34.Bg3 g6 35.Rd6+ Kb7 36.c4 Rc3 37.Be5 Rxc4 38.f4 Re4 39.Kf2 c4 40.Kf3 Re1
41.Kf2 Rd1 42.Ke3 Rc1 43.Bd4 b5 44.Bb2 Rb1 45.f5 gxf5 46.gxf5 Rxb2 47.f6 
c3 48.f7 c2 49.Rd7+ Kc6 50.Rd6+ Kc7 0-1

[Event "14th EUR-ch"]
[Site "Legnica POL"]
[Date "2013.05.15"]
[Round "10"]
[White "Lenic, Luka"]
[Black "Zhigalko, Sergei"]
[Result "1/2-1/2"]
[WhiteElo "2621"]
[BlackElo "2660"]
[EventDate "2013.05.05"]
[PlyCount "87"]

1.d4 Nf6 2.c4 e6 3.Nc3 Bb4 4.e3 O-O 5.Bd3 d5 6.Nf3 c5 7.O-O dxc4 8.Bxc4 
Nbd7 9.a3 Ba5 10.Bd2 cxd4 11.exd4 Bxc3 12.bxc3 Qc7 13.Bd3 b6 14.Re1 Bb7 
15.c4 Rfd8 16.Rc1 Nf8 17.Bc3 Ng6 18.Ne5 Nxe5 19.Rxe5 h6 20.Bb2 Rac8 21.h3 
Qc6 22.Bf1 Rd7 23.Qb3 Rdc7 24.Qg3 Qd6 25.d5 exd5 26.Rd1 Ba6 27.c5 bxc5 28.
Bxa6 Qxa6 29.Rexd5 Ne8 30.Rd8 Qg6 31.Rxe8+ Rxe8 32.Qxc7 Qc2 33.Rd8 Rxd8 
34.Qxd8+ Kh7 35.Qb8 f6 36.Qb7 a5 37.g3 Qb1+ 38.Kg2 c4 39.Qd5 Qxb2 40.Qf5+ 
Kg8 41.Qc8+ Kh7 42.Qf5+ Kg8 43.Qc8+ Kh7 44.Qf5+ 1/2-1/2

[Event "14th EUR-ch"]
[Site "Legnica POL"]
[Date "2013.05.15"]
[Round "10"]
[White "Zviagintsev, Vadim"]
[Black "Saric, Ivan"]
[Result "1/2-1/2"]
[WhiteElo "2655"]
[BlackElo "2622"]
[EventDate "2013.05.05"]
[PlyCount "152"]

1.c4 g6 2.Nc3 Bg7 3.g3 c5 4.Bg2 Nc6 5.a3 d6 6.Rb1 a5 7.d3 e5 8.Nf3 Nge7 9.
O-O O-O 10.Bd2 Rb8 11.Ne1 Be6 12.Nc2 d5 13.cxd5 Nxd5 14.Nxd5 Bxd5 15.Bxd5 
Qxd5 16.b4 axb4 17.axb4 b6 18.Bc3 Nd4 19.bxc5 bxc5 20.Bxd4 cxd4 21.Na3 h5 
22.Nc4 e4 23.Qc2 e3 24.fxe3 dxe3 25.Rxb8 Rxb8 26.Rb1 Re8 27.Qa4 Re6 28.Qb5
Qd4 29.Qb8+ Kh7 30.Rf1 Qg4 31.Rxf7 Qxe2 32.Rxg7+ Kxg7 33.Qc7+ Kg8 34.Qc8+ 
Kf7 35.Qd7+ Re7 36.Ne5+ Kf6 37.Qd6+ Kf5 38.Qxg6+ Kxe5 39.Qe4+ Kf6 40.Qf4+ 
Kg6 41.Qd6+ Kf7 42.Qd5+ Kf6 43.Qd6+ Re6 44.Qf8+ Kg6 45.Qg8+ Kf5 46.Qf7+ 
Rf6 47.Qd5+ Kg4 48.Qd7+ Kg5 49.Qg7+ Kf5 50.Qh7+ Ke6 51.Qe4+ Kf7 52.Qd5+ 
Re6 53.Qf5+ Ke7 54.Qc5+ Kf6 55.Qf8+ Kg6 56.Qg8+ Kf5 57.Qf7+ Ke5 58.Qf4+ 
Kd5 59.Qc4+ Kd6 60.Qd4+ Kc7 61.Qc5+ Kd7 62.Qd5+ Ke7 63.Qc5+ Ke8 64.Qc8+ 
Kf7 65.Qd7+ Kf6 66.Qd8+ Ke5 67.Qc7+ Rd6 68.Qc5+ Ke6 69.Qc4+ Ke7 70.Qc7+ 
Ke6 71.Qc4+ Kf6 72.Qf4+ Kg7 73.Qg5+ Kf7 74.Qf5+ Rf6 75.Qd5+ Kg7 76.Qg5+ 
Kf7 1/2-1/2

[Event "14th EUR-ch"]
[Site "Legnica POL"]
[Date "2013.05.15"]
[Round "10"]
[White "Brunello, Sabino"]
[Black "Siugirov, Sanan"]
[Result "1-0"]
[WhiteElo "2580"]
[BlackElo "2654"]
[EventDate "2013.05.05"]
[PlyCount "135"]

1.d4 Nf6 2.c4 g6 3.Nc3 Bg7 4.e4 d6 5.Be2 O-O 6.Bg5 a6 7.Nf3 Bg4 8.O-O Nfd7
9.d5 Bxf3 10.Bxf3 b5 11.cxb5 axb5 12.Nxb5 Bxb2 13.Rb1 Bg7 14.Qc2 Nc5 15.
Be3 Nbd7 16.Rfc1 Ne5 17.Be2 c6 18.dxc6 Nxc6 19.Rd1 Qa5 20.Nxd6 exd6 21.
Rxd6 Qxa2 22.Qxa2 Rxa2 23.Bxc5 Rxe2 24.Rxc6 Re8 25.Be3 h5 26.g3 Rb2 27.
Rxb2 Bxb2 28.Rc4 Bg7 29.Kg2 Ra8 30.h3 Kh7 31.g4 hxg4 32.hxg4 Kg8 33.g5 Bf8
34.f4 Bg7 35.Kf3 Bf8 36.Kg4 Rb8 37.Rc7 Re8 38.Kf3 Ra8 39.Bf2 Bg7 40.Ba7 
Rd8 41.Rc4 Ra8 42.Bg1 Bf8 43.Bd4 Bg7 44.Bf6 Ra3+ 45.Kg4 Ra8 46.Rc7 Rb8 47.
e5 Rb6 48.Rc8+ Kh7 49.Be7 Rb3 50.Ra8 Rb7 51.Bf6 Rb6 52.Ra4 Kg8 53.Kf3 Rb8 
54.Ke4 Bf8 55.Ra7 Rb4+ 56.Kf3 Rb6 57.Ra8 Kh7 58.e6 Rxe6 59.f5 Rxf6 60.gxf6
Bb4 61.Kg4 Bc3 62.Rf8 Bd4 63.Rxf7+ Kh6 64.Rf8 Kh7 65.f7 Kg7 66.Rd8 gxf5+ 
67.Kxf5 Bc5 68.Ke6 1-0

[Event "14th EUR-ch"]
[Site "Legnica POL"]
[Date "2013.05.15"]
[Round "10"]
[White "Safarli, Eltaj"]
[Black "Popov, Ivan"]
[Result "1/2-1/2"]
[WhiteElo "2651"]
[BlackElo "2620"]
[EventDate "2013.05.05"]
[PlyCount "85"]

1.e4 e5 2.Nf3 Nc6 3.Bb5 a6 4.Ba4 Nf6 5.O-O Nxe4 6.d4 b5 7.Bb3 d5 8.dxe5 
Be6 9.Nbd2 Be7 10.c3 O-O 11.Re1 Nc5 12.Nd4 Nxd4 13.cxd4 Nd3 14.Re3 Nxc1 
15.Rxc1 Rc8 16.Rec3 c5 17.dxc5 d4 18.Rg3 Bxc5 19.Ne4 Be7 20.Rxc8 Qxc8 21.
Bc2 Bf5 22.h3 Rd8 23.f4 Kf8 24.Bd3 Qc6 25.Nd2 Bxd3 26.Rxd3 f6 27.Qg4 Qc2 
28.Rg3 g6 29.exf6 Bxf6 30.Qe6 Bh4 31.Qe5 Kf7 32.Ne4 Qc1+ 33.Kh2 Bxg3+ 34.
Kxg3 Qc6 35.Ng5+ Kg8 36.Ne6 Rd7 37.Qb8+ Kf7 38.Ng5+ Kg7 39.Qe5+ Kg8 40.
Qe8+ Kg7 41.Ne6+ Kf6 42.Ng5 Kg7 43.Ne6+ 1/2-1/2

[Event "14th EUR-ch"]
[Site "Legnica POL"]
[Date "2013.05.15"]
[Round "10"]
[White "Mista, Aleksander"]
[Black "Romanov, Evgeny"]
[Result "0-1"]
[WhiteElo "2574"]
[BlackElo "2640"]
[EventDate "2013.05.05"]
[PlyCount "66"]

1.c4 Nf6 2.g3 e5 3.Bg2 c6 4.d4 exd4 5.Qxd4 d5 6.Nc3 Be6 7.Bf4 Na6 8.cxd5 
Nb4 9.O-O-O Nfxd5 10.Nxd5 cxd5 11.Kb1 Qa5 12.a3 Nc6 13.Qd2 Qa4 14.Qc2 Bf5 
15.e4 Qxc2+ 16.Kxc2 dxe4 17.Re1 Nd4+ 18.Kd2 Rd8 19.Bxe4 Nf3+ 20.Ke2 Bxe4 
21.Nxf3 Be7 22.Rhg1 O-O 23.Rd1 Bf6 24.b4 Rc8 25.Rc1 Bc6 26.Rgd1 Bb5+ 27.
Ke1 Rfe8+ 28.Be3 Bc3+ 29.Rxc3 Rxc3 30.Nd4 Ba4 31.Ra1 Rd3 32.Kf1 Rd8 33.Rc1
g6 0-1

[Event "14th EUR-ch"]
[Site "Legnica POL"]
[Date "2013.05.15"]
[Round "10"]
[White "Shimanov, Alexander"]
[Black "Bartel, Mateusz"]
[Result "1-0"]
[WhiteElo "2639"]
[BlackElo "2619"]
[EventDate "2013.05.05"]
[PlyCount "65"]

1.Nf3 f5 2.c4 Nf6 3.g3 g6 4.Bg2 Bg7 5.O-O O-O 6.Nc3 c6 7.d4 d6 8.Rb1 Na6 
9.b4 Bd7 10.b5 Nc7 11.a4 Rc8 12.Qb3 Ne6 13.Rd1 Kh8 14.Ng5 h6 15.Nxe6 Bxe6 
16.d5 cxd5 17.cxd5 Ng4 18.Bd2 Qb6 19.e3 Bf7 20.Ne2 g5 21.a5 Qd8 22.b6 a6 
23.h3 Ne5 24.Nd4 f4 25.exf4 Nc4 26.Bc3 gxf4 27.Nc6 bxc6 28.Bxg7+ Kxg7 29.
Qxc4 cxd5 30.Qxa6 fxg3 31.fxg3 Rc2 32.b7 Qb8 33.Qb6 1-0

[Event "14th EUR-ch"]
[Site "Legnica POL"]
[Date "2013.05.15"]
[Round "10"]
[White "Yakovenko, Dmitry"]
[Black "Nyback, Tomi"]
[Result "1/2-1/2"]
[WhiteElo "2731"]
[BlackElo "2593"]
[EventDate "2013.05.05"]
[PlyCount "111"]

1.e4 e5 2.Nf3 Nc6 3.d4 exd4 4.Nxd4 Bc5 5.Nb3 Bb6 6.Nc3 Nge7 7.Bg5 O-O 8.
Qd2 f6 9.Bh4 d6 10.O-O-O Be6 11.Nd5 Kh8 12.f4 Bg8 13.Bc4 Nxd5 14.Bxd5 a5 
15.Kb1 Qe8 16.a3 a4 17.Nc1 Bxd5 18.Qxd5 Na5 19.g4 Qc6 20.Nd3 Qxd5 21.exd5 
Nc4 22.Bf2 f5 23.g5 Rfe8 24.Bxb6 Nxb6 25.Nb4 Re4 26.Rhf1 Kg8 27.Na2 Kf7 
28.Nc3 Re7 29.Rd4 Kg6 30.Rf3 Re1+ 31.Ka2 Ra5 32.Rfd3 Kh5 33.Rh3+ Kg6 34.
Rhd3 Rc5 35.h3 Kh5 36.Nxa4 Nxa4 37.Rxa4 Rxc2 38.Rb4 b6 39.Rdd4 Rc5 40.Rbc4
b5 41.Rxc5 dxc5 42.d6 cxd6 43.Rxd6 Re4 44.Rd5 Rxf4 45.Rxc5 Kxg5 46.Rxb5 
Re4 47.Rc5 Kf6 48.b4 f4 49.b5 f3 50.Rc1 f2 51.Rf1 Re2+ 52.Kb3 Ke5 53.a4 
Kd6 54.a5 Kc7 55.Kc3 Ra2 56.Kd4 1/2-1/2

[Event "14th EUR-ch"]
[Site "Legnica POL"]
[Date "2013.05.15"]
[Round "10"]
[White "Pashikian, Arman"]
[Black "Tomashevsky, Evgeny"]
[Result "1/2-1/2"]
[WhiteElo "2603"]
[BlackElo "2719"]
[EventDate "2013.05.05"]
[PlyCount "70"]

1.d4 d5 2.c4 c6 3.Nf3 Nf6 4.Nc3 a6 5.g3 dxc4 6.a4 g6 7.a5 Bg7 8.Bg2 O-O 9.
O-O Ne8 10.Qa4 Nd6 11.Rd1 Bf5 12.h3 Nd7 13.g4 Be4 14.Nxe4 Nxe4 15.Qxc4 Nd6
16.Qc2 e6 17.Bg5 Nf6 18.e3 Qc7 19.Ne5 Nd7 20.Nd3 Nb5 21.Bf4 Qd8 22.Rd2 Re8
23.b4 Qe7 24.Rad1 Rad8 25.Kh1 Nf6 26.Bg3 Nd5 27.Qb3 f5 28.Rc1 Kh8 29.Re2 
Rf8 30.Ree1 Bf6 31.Rc5 Bh4 32.Be5+ Bf6 33.Bg3 Bh4 34.Be5+ Bf6 35.Bg3 Bh4 
1/2-1/2

[Event "14th EUR-ch"]
[Site "Legnica POL"]
[Date "2013.05.15"]
[Round "10"]
[White "Salgado Lopez, Ivan"]
[Black "Vachier-Lagrave, Maxime"]
[Result "1/2-1/2"]
[WhiteElo "2598"]
[BlackElo "2718"]
[EventDate "2013.05.05"]
[PlyCount "127"]

1.e4 c5 2.c3 Nf6 3.e5 Nd5 4.d4 cxd4 5.cxd4 d6 6.Nf3 Nc6 7.Bc4 dxe5 8.dxe5 
Nb6 9.Qxd8+ Nxd8 10.Bb5+ Nc6 11.Nc3 g6 12.O-O Bg7 13.Be3 O-O 14.Bxb6 axb6 
15.Nd5 Ra7 16.Bxc6 bxc6 17.Nxb6 Bg4 18.Nc4 Rfa8 19.a3 Be6 20.Rac1 Rb7 21.
b4 Bh6 22.Rc3 Bxc4 23.Rxc4 Rxa3 24.Nd4 e6 25.Nxc6 Bf8 26.Rb1 Ra6 27.g4 g5 
28.b5 Rab6 29.Nd4 h5 30.gxh5 Bg7 31.Nf3 Rxb5 32.Rxb5 Rxb5 33.Rc8+ Kh7 34.
Nxg5+ Kh6 35.Nxf7+ Kxh5 36.Rg8 Kg6 37.Nd6 Rxe5 38.Ne8 Kf7 39.Rxg7+ Kxe8 
40.h3 Kf8 41.Ra7 Rg5+ 42.Kh2 Rf5 43.Kg3 Rg5+ 44.Kh4 Rf5 45.Ra2 Kg7 46.Kg4 
Kf6 47.h4 Rb5 48.f3 Rb1 49.Kg3 Rg1+ 50.Rg2 Rh1 51.Rh2 Rg1+ 52.Kf2 Ra1 53.
Rh3 Kg6 54.Kg3 Kh5 55.Kf4 Re1 56.Rh2 e5+ 57.Kg3 e4 58.Kf2 Ra1 59.fxe4 Ra2+
60.Kg3 Rxh2 61.Kxh2 Kxh4 62.Kg2 Kg4 63.e5 Kf5 64.Kf3 1/2-1/2

[Event "14th EUR-ch"]
[Site "Legnica POL"]
[Date "2013.05.15"]
[Round "10"]
[White "Jobava, Baadur"]
[Black "Svetuschin, Dumitru"]
[Result "0-1"]
[WhiteElo "2702"]
[BlackElo "2588"]
[EventDate "2013.05.05"]
[PlyCount "62"]

1.b3 d5 2.Bb2 Nf6 3.e3 Bg4 4.f3 Bf5 5.g4 Bd7 6.g5 Ng8 7.f4 c5 8.Nf3 Nc6 9.
Bb5 e6 10.h4 h5 11.O-O Nge7 12.Qe1 Nf5 13.Nc3 Bd6 14.Ne2 Nb4 15.Bxd7+ Qxd7
16.Qb1 O-O 17.Kg2 Rfe8 18.Ng3 d4 19.e4 Nxg3 20.Kxg3 Bxf4+ 21.Kxf4 e5+ 22.
Kg3 Qg4+ 23.Kh2 Qxe4 24.d3 Qe2+ 25.Kg3 e4 26.Rf2 exf3 27.Rxe2 fxe2 28.Qh1 
Nxc2 29.Re1 Nxe1 30.Qxe1 Re3+ 31.Kf2 Rae8 0-1

[Event "14th EUR-ch"]
[Site "Legnica POL"]
[Date "2013.05.15"]
[Round "10"]
[White "Gagunashvili, Merab"]
[Black "Almasi, Zoltan"]
[Result "1/2-1/2"]
[WhiteElo "2592"]
[BlackElo "2695"]
[EventDate "2013.05.05"]
[PlyCount "133"]

1.d4 Nf6 2.c4 g6 3.Nf3 Bg7 4.g3 O-O 5.Bg2 d6 6.O-O Nc6 7.Nc3 a6 8.Bf4 Bg4 
9.h3 Bxf3 10.exf3 d5 11.cxd5 Nxd5 12.Nxd5 Qxd5 13.Bxc7 Qxd4 14.Qxd4 Bxd4 
15.Rad1 Rac8 16.Bf4 Rfd8 17.Bc1 Rd6 18.f4 b5 19.Be4 Nb4 20.Bb1 Rcd8 21.Kg2
Bf6 22.Rxd6 Rxd6 23.Kf3 Nd3 24.Bxd3 Rxd3+ 25.Ke2 Rd8 26.b3 Rc8 27.Kd3 Rc3+
28.Kd2 Kg7 29.Ba3 e6 30.Rc1 Rxc1 31.Kxc1 Bd8 32.Kd2 Bb6 33.f3 f6 34.Kd3 
Kf7 35.Bb2 Bc7 36.a4 Bd6 37.axb5 axb5 38.Bd4 Ke7 39.Bb2 h5 40.Bc1 Bc7 41.
g4 f5 42.Be3 Kd6 43.Bc1 Kd5 44.Be3 Bd6 45.Bc1 Bf8 46.Bd2 Bh6 47.Be3 fxg4 
48.fxg4 e5 49.f5 e4+ 50.Ke2 Bxe3 51.Kxe3 gxf5 52.gxf5 Ke5 53.f6 Kxf6 54.
Kxe4 Kg5 55.Kf3 Kh4 56.Kg2 b4 57.Kh2 Kg5 58.Kg3 h4+ 59.Kg2 Kg6 60.Kg1 Kg7 
61.Kg2 Kg6 62.Kg1 Kf7 63.Kf1 Ke7 64.Ke1 Kd7 65.Kd1 Ke7 66.Ke1 Kf7 67.Kf1 
1/2-1/2